000 00664nam a22002057a 4500
005 20250716114530.0
010 _aENG-145989
020 _a9789381615119
_c695.00
035 _aEN-129521
037 _bDBAD
082 _21
_a080
245 _aRelevance of Nehru's Thoughts in Present Scenario/
_cEdited By Kiran Angra [and] Karanjit Kaur
250 _a1
260 _aNew Delhi
_bPragatisheel Prakashan
_c2012
270 _aN-3/25, First Floor, Mohan Garden, Uttam Nagar
_bNew Delhi
_e110059
300 _a205p.
_c22cm(hb)
700 _aAngra, Kiran
_eEditor
_983028
700 _aKaranjit Kaur
_eEditor
_983029
942 _2ddc
_cEN
_mREL
_h080
999 _c212391
_d212391